书目信息 |
| 题名: |
天下无贼
|
|
| 作者: | 赵本夫, 著 | |
| 分册: | ||
| 出版信息: | 北京 人民文学出版社 2004.10 |
|
| 页数: | 249页 | |
| 开本: | 21cm | |
| 丛书名: | ||
| 单 册: | ||
| 中图分类: | I247.7 | |
| 科图分类: | ||
| 主题词: | 短篇小说--中国--当代--作品集 | |
| 电子资源: | ||
| ISBN: | 7-02-004672-X | |
| 000 | 00716nam0 2200217 450 | |
| 001 | 010256113694 | |
| 005 | 20050922160659.55 | |
| 010 | @a7-02-004672-X@dCNY18.00 | |
| 100 | @a20050714d2004 km y0chiy0120 ea | |
| 101 | 0 | @achi |
| 102 | @aCN@b110000 | |
| 105 | @ay z 000ay | |
| 200 | 1 | @a天下无贼@Atian xia wu zei@f赵本夫著@Fzhao ben fu zhu |
| 210 | @a北京@c人民文学出版社@d2004.10 | |
| 215 | @a249页@d21cm | |
| 330 | @a本书收作者《绝唱》、《绝药》、《铁笔》、《即将消失的村庄》、《收发员马万里的一天》、《卖驴》、《天下无贼》等小说。 | |
| 606 | 0 | @a短篇小说@y中国@z当代@x作品集 |
| 690 | @aI247.7@v4 | |
| 701 | 0 | @a赵本夫,@Azhao ben fu,@f1947-@4著 |
| 801 | 0 | @aCN@bQSSK@c20050922 |
| 905 | @a10447@dI247.7@eZ291 | |
| 天下无贼/赵本夫著.-北京:人民文学出版社,2004.10 |
| 249页;21cm |
| ISBN 7-02-004672-X:CNY18.00 |
| 本书收作者《绝唱》、《绝药》、《铁笔》、《即将消失的村庄》、《收发员马万里的一天》、《卖驴》、《天下无贼》等小说。 |
| ● |
| 相关链接 |
|
|
|
正题名:天下无贼
索取号:I247.7/Z291
 
预约/预借
| 序号 | 登录号 | 条形码 | 馆藏地/架位号 | 状态 | 备注 |
| 1 | 525043 | 205250431 | 社科二线422/422社科库 5排2列2层/ [索取号:I247.7/Z291] | 在馆 | |
| 2 | 525044 | 205250440 | 社科二线422/422社科库 25排3列5层/ [索取号:I247.7/Z291] | 在馆 | |
| 3 | 525045 | 205250459 | 社科二线400B/400B社科库 22排2列6层/ [索取号:I247.7/Z291] | 在馆 |